عرض عادي
عرض مارك
- Communicable Diseases
مدخل مصطلح موضوعي
001 - رقم الضبط
- حقل الضبط: 52498
003 - معرف رقم الضبط
- حقل الضبط: OSt
005 - تاريخ ووقت أخر عملية
- حقل الضبط: 20151015163519.0
008 - عناصر بيانات ثابتة الطول
- حقل تحكم ثابت الطول: 151015|| aca||aabn | a|a d
040 ## - مصدر الفهرسة
- هيئة الفهرسة الأصلية: OSt
- وكالة الكتابة: OSt
150 ## - مدخل-- مصطلح تاريخي
- عنصر مدخل المصطلح الموضوعي او الاسم الجغرافي: Communicable Diseases
- تفريع عام: microbiology.
670 ## - بيانات المصدر موجوده
- الاستشهاد بالمصدر: Work cat.: (OSt)32645: Engelkirk, Paul G. 5344, Burton's microbiology for the health sciences /, c2011.
